| 000 | 00578nam a2200181Ia 4500 | ||
|---|---|---|---|
| 008 | 100920s9999 xx 000 0 und d | ||
| 082 |
_b87824 _a320 0 |
||
| 100 | _aमेहता बाळ भाई. | ||
| 245 | _aग्राम सफाई. | ||
| 260 |
_bमहाराष्ट्र काँग्रेस प्रकाशन. _c0 |
||
| 300 |
_a26 _bसाधी |
||
| 365 | _b0 | ||
| 520 | _aराजकारण. | ||
| 630 | _aग्राम सफाई. | ||
| 650 | _aराजकारण. | ||
| 730 | _aग्राम सफाई. | ||
| 942 | _cBOOK | ||
| 999 |
_c728333 _d728330 |
||